Presidents of Pakistan - Statistics

General Stats
  • This quiz has been taken 6 times
  • The average score is 8 of 17
Answer Stats
Years Served Party Answer % Correct
2001 - 2008 Army, PML(Q) Pervez Musharraf
100%
2018 - 2024 PTI Arif Alvi
67%
2008 - 2013 PPP Asif Ali Zardari
67%
2024 - Present PPP Asif Ali Zardari
67%
1958 - 1969 Army,PMLC Ayub Khan
67%
1988 - 1993 IND Ghulam Ishaq Khan
67%
1969 - 1971 Army Yahya Khan
67%
1971 - 1973 PPP Zulfikar Ali Bhutto
67%
1993 - 1997 PPP Farooq Leghari
33%
1973 - 1978 PPP Fazal Ilahi Chaudhry
33%
1956 - 1958 Republican Iskandar Ali Mirza
33%
2013 - 2018 PMLM Mamnoon Hussain
33%
1998 - 2001 PMLM Muhammad Rafiq Tarar
33%
1978 - 1988 Army Muhammad Zia-ul-Haq
33%
1993 PMLM Wasim Sajjad
33%
1997 - 1998 PMLM Wasim Sajjad
33%
2008 PML(Q) Muhammad Mian Soomro
0%
No matching quizzes found
Score Distribution
Percent of People with Each Score
Percentile by Number Answered
Your Score History
You have not taken this quiz